| 000 | 00955nam a2200193 i 4500 | ||
|---|---|---|---|
| 001 | 151676 | ||
| 003 | ES-MaACL | ||
| 005 | 20250808225843.0 | ||
| 008 | 040929s1863 sp |||| | spa d | ||
| 100 | 1 |
_aBarnuevo, José María. _9125822 |
|
| 245 | 1 | 0 | _aDiscurso pronunciado en la Universidad Central por Jose María Barnuevo, en el acto solemne de recibir la investidura de doctor en derecho civil canónico. |
| 260 |
_aMadrid : _b[s.n.], _c1863 ( _fImp. de El siglo XIX, a cargo de C. Juárez) |
||
| 300 |
_a40 p. ; _c21 cm. |
||
| 594 | _aTema del discurso: Examen de los sistemas penitenciarios y su utilidad respectiva. | ||
| 650 | 7 |
_aEstablecimientos penitenciarios _2embne _912513 |
|
| 710 | 2 |
_aUniversidad Central (Madrid) _97084 |
|
| 852 |
_aES-MaACL _jD-260(9) _z- Enc. en un vol. facticio, formando parte de la col. facticia "Estudios penitenciarios", n. 6 _z.- Donativo Lastres _z. - Dedicatoria autógrafa del autor |
||
| 999 |
_c151676 _d151676 |
||